Narysuj wszystkie granice stanów USA - ekstremalne - Statystyki

Ogólne statystyki
  • Ten quiz został rozwiązany 287 razy
  • Średni wynik to 57 z 170
Odpowiedzi na mapie
Odpowiedzi zakodowano w zielono-czerwonej skali na mapie do tego quizu, zgodnie z poniższymi procentami.
 
Statystyki odpowiedzi
Granica % Poprawnych
Nowy Meksyk-Teksas
73%
Oregon-Waszyngton
69%
Kalifornia-Nevada
67%
Kalifornia-Oregon
67%
Arizona-Kalifornia
65%
Dakota Północna-Dakota Południowa
62%
Arizona-Nowy Meksyk
61%
Idaho-Waszyngton
59%
Karolina Północna-Karolina Południowa
58%
Arizona-Nevada
56%
Idaho-Montana
56%
Oklahoma-Teksas
56%
Luizjana-Teksas
55%
Nevada-Utah
55%
Floryda-Georgia
53%
Montana-Dakota Północna
53%
Nevada-Oregon
52%
Idaho-Oregon
51%
Alabama-Floryda
50%
Arizona-Utah
50%
Idaho-Nevada
50%
Idaho-Utah
50%
Idaho-Wyoming
49%
Montana-Dakota Południowa
49%
Wirginia-Wirginia Zachodnia
48%
Alabama-Georgia
47%
Kolorado-Nowy Meksyk
47%
Kolorado-Utah
47%
Alabama-Missisipi
46%
Indiana-Ohio
46%
Kansas-Oklahoma
46%
Kentucky-Tennessee
46%
Montana-Wyoming
46%
Arkansas-Teksas
45%
Georgia-Karolina Południowa
45%
Kolorado-Kansas
45%
Kolorado-Wyoming
45%
Utah-Wyoming
45%
Arkansas-Oklahoma
44%
Dakota Południowa-Wyoming
44%
Karolina Północna-Wirginia
44%
New Jersey-Nowy Jork
44%
Nowy Jork-Pensylwania
44%
Nowy Meksyk-Oklahoma
44%
Minnesota-Dakota Północna
43%
Minnesota-Wisconsin
43%
Kolorado-Oklahoma
42%
Luizjana-Missisipi
42%
Illinois-Indiana
41%
Nebraska-Dakota Południowa
41%
Nebraska-Wyoming
41%
Kansas-Nebraska
40%
Ohio-Pensylwania
40%
Oregon-Ocean Spokojny
39%
Iowa-Dakota Południowa
38%
Kansas-Missouri
38%
Kentucky-Ohio
38%
Waszyngton-Ocean Spokojny
38%
Arkansas-Missisipi
37%
Kalifornia-Ocean Spokojny
37%
Minnesota-Dakota Południowa
37%
Alabama-Tennessee
36%
Arkansas-Missouri
36%
Georgia-Tennessee
36%
Iowa-Nebraska
36%
Kolorado-Nebraska
36%
Maine-New Hampshire
36%
Missouri-Oklahoma
36%
Wisconsin-Michigan
36%
Floryda-Ocean Atlantycki
35%
Indiana-Kentucky
35%
Iowa-Minnesota
35%
Michigan-Ohio
35%
Michigan-Wisconsin
35%
Nowy Jork-Vermont
35%
Ohio-Wirginia Zachodnia
35%
Georgia-Ocean Atlantycki
34%
Illinois-Iowa
34%
Illinois-Kentucky
34%
Iowa-Missouri
34%
Kentucky-Wirginia Zachodnia
34%
Missouri-Nebraska
34%
New Hampshire-Vermont
34%
Tennessee-Wirginia
34%
Arkansas-Luizjana
33%
Arkansas-Tennessee
33%
Floryda-Zatoka Meksykańska
33%
Indiana-Michigan
33%
Karolina Północna-Ocean Atlantycki
33%
Kentucky-Missouri
33%
Kentucky-Wirginia
33%
Maryland-Pensylwania
33%
Georgia-Karolina Północna
32%
Illinois-Missouri
32%
Iowa-Wisconsin
32%
Karolina Południowa-Ocean Atlantycki
32%
Maryland-Wirginia
32%
Missisipi-Tennessee
32%
New Jersey-Pensylwania
32%
Connecticut-Massachusetts
31%
Connecticut-Rhode Island
31%
Illinois-Wisconsin
31%
Missouri-Tennessee
31%
Luizjana-Zatoka Meksykańska
30%
Maine-Ocean Atlantycki
30%
Massachusetts-Rhode Island
30%
Massachusetts-Vermont
30%
Teksas-Zatoka Meksykańska
30%
Wirginia-Ocean Atlantycki
30%
Illinois-Michigan
29%
Massachusetts-New Hampshire
29%
Nowy Jork-Ocean Atlantycki
29%
Pensylwania-Wirginia Zachodnia
29%
Rhode Island-Ocean Atlantycki
29%
Alabama-Zatoka Meksykańska
28%
Connecticut-Nowy Jork
27%
Alaska-Ocean Spokojny
26%
Karolina Północna-Tennessee
26%
Waszyngton-Kolumbia Brytyjska
26%
Connecticut-Ocean Atlantycki
25%
Delaware-Maryland
25%
Hawaje-Ocean Spokojny
25%
Idaho-Kolumbia Brytyjska
25%
Maryland-Ocean Atlantycki
25%
Maryland-Wirginia Zachodnia
25%
New Hampshire-Ocean Atlantycki
25%
Missisipi-Zatoka Meksykańska
24%
Montana-Kolumbia Brytyjska
24%
Maine-Quebec
23%
Massachusetts-Nowy Jork
22%
Vermont-Quebec
22%
Delaware-Pensylwania
21%
Montana-Alberta
21%
New Jersey-Ocean Atlantycki
21%
Nowy Jork-Ontario
21%
Delaware-Ocean Atlantycki
20%
Michigan-Ontario
19%
New Hampshire-Quebec
19%
Alaska-Jukon
18%
Massachusetts-Ocean Atlantycki
18%
Dakota Północna-Manitoba
17%
Delaware-New Jersey
17%
Michigan-Michigan
17%
Minnesota-Ontario
17%
Montana-Saskatchewan
17%
Dakota Północna-Saskatchewan
16%
Michigan-Erie
16%
Minnesota-Manitoba
16%
Nowy Jork-Quebec
16%
Alaska-Ocean Arktyczny
15%
Kalifornia-Kalifornia Dolna
15%
Maine-Nowy Brunszwik
15%
Michigan-Górne
15%
Michigan-Huron
15%
Minnesota-Górne
15%
Ohio-Erie
15%
Wisconsin-Górne
15%
Nowy Jork-Erie
14%
Pensylwania-Erie
13%
Arizona-Kalifornia Dolna
11%
Nowy Meksyk-Chihuahua
11%
Nowy Meksyk-Sonora
11%
Teksas-Chihuahua
11%
Alaska-Kolumbia Brytyjska
10%
Arizona-Sonora
10%
Teksas-Coahuila
6%
Teksas-Nuevo Leon
5%
Teksas-Tamaulipas
5%
Nie znaleziono quizów pasujących do podanych kryteriów
Rozkład punktacji
Procent ludzi z każdym wynikiem
Percentyl według liczby udzielonych odpowiedzi
Twoja historia wyników
Nie rozwiązałeś tego quizu